Управление процессами формирования дисперсных структур: учебно пособие

التفاصيل البيبلوغرافية
المؤلف الرئيسي: Лотов В. А. Василий Агафонович
مؤلف مشترك: Национальный исследовательский Томский политехнический университет (ТПУ) Институт физики высоких технологий (ИФВТ) Кафедра технологии силикатов и наноматериалов (ТСН)
مؤلفون آخرون: Кутугин В. А. Виктор Александрович
الملخص:Заглавие с титульного экрана
Режим доступа: из корпоративной сети ТПУ
اللغة:الروسية
منشور في: Томск, Изд-во ТПУ, 2013
الموضوعات:
الوصول للمادة أونلاين:http://www.lib.tpu.ru/fulltext2/m/2014/m281.pdf
التنسيق: الكتروني كتاب
KOHA link:https://koha.lib.tpu.ru/cgi-bin/koha/opac-detail.pl?biblionumber=267687

MARC

LEADER 00000nlm0a2200000 4500
001 267687
005 20231228094432.0
035 |a (RuTPU)RU\TPU\book\290759 
090 |a 267687 
100 |a 20140804d2013 m y0rusy50 ca 
101 0 |a rus 
102 |a RU 
105 |a a j 001zy 
135 |a drbn ---uucaa 
181 0 |a i  
182 0 |a b 
200 1 |a Управление процессами формирования дисперсных структур  |e учебно пособие  |f В. А. Лотов, В. А. Кутугин  |g Национальный исследовательский Томский политехнический университет (ТПУ) 
203 |a Текст  |c электронный 
210 |a Томск  |c Изд-во ТПУ  |d 2013 
300 |a Заглавие с титульного экрана 
333 |a Режим доступа: из корпоративной сети ТПУ 
337 |a Adobe Reader 
606 1 |a Дисперсные системы  |x (химия)  |2 stltpush  |3 (RuTPU)RU\TPU\subj\70306  |9 84654 
606 1 |a Дисперсные системы  |x Структурообразование  |2 stltpush  |3 (RuTPU)RU\TPU\subj\31934  |9 54649 
610 1 |a труды учёных ТПУ 
610 1 |a учебные пособия 
610 1 |a электронный ресурс 
610 1 |a методы оценки 
610 1 |a влажные дисперсные системы 
610 1 |a формуемость 
610 1 |a пластическое формование 
610 1 |a фазы 
610 1 |a соотношения 
610 1 |a спекание 
610 1 |a гидратация 
610 1 |a твердение 
610 1 |a вяжущие материалы 
610 1 |a лабораторные работы 
610 1 |a решение задач 
675 |a 544.77(075.8)  |v 3 
675 |a 661.182(075.8)  |v 3 
700 1 |a Лотов  |b В. А.  |c химик-технолог  |c профессор Томского политехнического университета, доктор технических наук  |f 1942-  |g Василий Агафонович  |3 (RuTPU)RU\TPU\pers\26202 
701 1 |a Кутугин  |b В. А.  |c химик-технолог  |c доцент Томского политехнического университета, кандидат технических наук  |f 1983-  |g Виктор Александрович  |3 (RuTPU)RU\TPU\pers\28913  |9 13646 
712 0 2 |a Национальный исследовательский Томский политехнический университет (ТПУ)  |b Институт физики высоких технологий (ИФВТ)  |b Кафедра технологии силикатов и наноматериалов (ТСН)  |3 (RuTPU)RU\TPU\col\18694 
801 2 |a RU  |b 63413507  |c 20160617  |g RCR 
856 4 |u http://www.lib.tpu.ru/fulltext2/m/2014/m281.pdf 
942 |c CF